| 000 | 00623nam a2200205 a 4500 | ||
|---|---|---|---|
| 005 | 20210223121633.0 | ||
| 008 | 991125s1972 mx 000 0 spa u | ||
| 035 | _aUPN01000021430 | ||
| 049 | _aCG | ||
| 050 | 4 |
_aNX541 _bT3.3 |
|
| 100 | 1 | _aTarre Murzi, Alfredo | |
| 245 | 1 | 3 |
_aEl Estado y la cultura : _bla polĂtica cultural en Venezuela / _cAlfredo Tarre Murzi. |
| 260 |
_aCaracas : _bMonte Avila, _c1972. |
||
| 300 | _a349 p. | ||
| 440 | 0 |
_aDocumentos ; _v396 |
|
| 650 | 4 |
_aARTE Y ESTADO - _zVENEZUELA _92734 |
|
| 650 | 4 |
_aARTES - _zVENEZUELA _92743 |
|
| 651 | 4 |
_aVENEZUELA - _xPOLITICA CULTURAL _922410 |
|
| 905 | _aLibro | ||
| 999 |
_c21430 _d21430 |
||